LEADER 00878cam0-2200325---450- 001 990004709790403321 005 20150930144951.0 035 $a000470979 035 $aFED01000470979 035 $a(Aleph)000470979FED01 035 $a000470979 100 $a19990604d1955----km-y0itay50------ba 101 0 $afre 102 $aFR 105 $ay-------001yy 200 1 $aTraité de phonétique grecque$fpar Michel Lejeune 205 $a2e éd. riv. e corr. 210 $aParis$cKlincksieck$d1955 215 $aXV, 374 p.$d24 cm 225 1 $aCollection de philologie classique$v3 610 0 $aLingua greca$aFonetica 676 $a481.5 676 $a414.8 700 1$aLejeune,$bMichel$0172207 801 0$aIT$bUNINA$gRICA$2UNIMARC 901 $aBK 912 $a990004709790403321 952 $aFCL 434A (3)$bIst.Fil.cl. 945$fFLFBC 959 $aFLFBC 997 $aUNINA LEADER 01046nam0-22003251i-450 001 990001699670403321 005 20190529131345.0 035 $a000169967 035 $aFED01000169967 035 $a(Aleph)000169967FED01 035 $a000169967 100 $a20030910d1967----km-y0itay50------ba 101 0 $aita 102 $aIT 200 1 $aRicerche sulla conservazione della pera "Passa Crassana" in atmosfera normale e controllata (1965-1966)$fFausto L. Gorini, Carlo Fideghelli 210 $aBologna$c...$d1967 215 $ap. 373-385$d25 cm 300 $aEstr. da: Frutticoltura, 29(6-7),1967. 610 0 $aPere 610 0 $aConservazione 676 $a664.8 700 1$aGorini,$bFausto L.$0354735 701 1$aFideghelli,$bCarlo$072530 801 0$aIT$bUNINA$gRICA$2UNIMARC 901 $aLG 912 $a990001699670403321 952 $a60 OP. 76/55$b41557$fFAGBC 959 $aFAGBC 996 $aRicerche sulla conservazione della pera "Passa Crassana" in atmosfera normale e controllata (1965-1966$9362019 997 $aUNINA LEADER 00963nam0-22003011i-450 001 990004233500403321 005 20210603132858.0 010 $a3-8053-1732-8 035 $a000423350 035 $aFED01000423350 035 $a(Aleph)000423350FED01 100 $a19990604d1995----km-y0itay50------ba 101 0 $ager 105 $aaf------00-c- 200 1 $a<>Dekorationssysteme der römischen Wandmalerei von augusteischer bis in trajanische Zeit$fRenate Thomas 210 $aMainz$cZabern$d1995 215 $a352 p., 8 tav.$c243 ill.$d29 cm 610 0 $aAffrwchi$aRoma antica 676 $a937.6$v21$zita 676 $a747.2$v21$zita 700 1$aThomas,$bRenate$0167081 801 0$aIT$bUNINA$gRICA$2UNIMARC 901 $aBK 912 $a990004233500403321 952 $a937.7 THO 1$bBibl.25611$fFLFBC 959 $aFLFBC 996 $aDekorationssysteme der römischen Wandmalerei von augusteischer bis in trajanische Zeit$9482389 997 $aUNINA